[Event "Mitropa Cup (Women) 10th"]
[Site "Meissen"]
[Date "2013.06.07"]
[Round "7.1"]
[White "Kochetkova, Julia"]
[Black "Deur, Zrinka"]
[Result "1-0"]
[WhiteElo "2348"]
[BlackElo "2104"]
[PlyCount "91"]
[EventDate "2013.06.01"]
[EventType "team-tourn"]
[EventRounds "9"]
[EventCountry "GER"]
[Source "ChessBase"]
[SourceDate "2013.06.25"]
[WhiteTeam "Slovakia (W)"]
[BlackTeam "Croatia (W)"]
[WhiteTeamCountry "SVK"]
[BlackTeamCountry "CRO"]

1. e4 c5 2. Nf3 Nc6 3. d4 cxd4 4. Nxd4 g6 5. Nc3 Bg7 6. Nde2 Nf6 7. g3 d6 8.
Bg2 O-O 9. O-O Rb8 10. a4 a6 11. h3 Nd7 12. Be3 b6 13. Nd4 Bb7 14. Qd2 Nc5 15.
Rad1 Ne5 16. b3 Ned7 17. Rfe1 Rc8 18. Nd5 Nf6 19. Bh6 Bxh6 20. Nxf6+ exf6 21.
Qxh6 Ne6 22. Nxe6 fxe6 23. Qd2 Rc6 24. e5 d5 25. c4 fxe5 26. cxd5 Rd6 27. Rxe5
exd5 28. Qe2 Rd7 29. Rd4 Kg7 30. Re6 Qc7 31. Qe3 Rf6 32. Rxf6 Kxf6 33. Qh6 Rg7
34. Bxd5 Bxd5 35. Rxd5 Rd7 36. Qh4+ Ke6 37. Qe4+ Kf7 38. Rxd7+ Qxd7 39. Qc4+
Kg7 40. Qxa6 Qd1+ 41. Kh2 Qxb3 42. Qb7+ Kh6 43. a5 b5 44. a6 Qa2 45. Kg2 b4 46.
a7 1-0

[Event "Mitropa Cup (Women) 10th"]
[Site "Meissen"]
[Date "2013.06.07"]
[Round "7.1"]
[White "Purgar, Ivona"]
[Black "Repkova, Eva"]
[Result "1-0"]
[WhiteElo "2123"]
[BlackElo "2363"]
[PlyCount "55"]
[EventDate "2013.06.01"]
[EventType "team-tourn"]
[EventRounds "9"]
[EventCountry "GER"]
[Source "ChessBase"]
[SourceDate "2013.06.25"]
[WhiteTeam "Croatia (W)"]
[BlackTeam "Slovakia (W)"]
[WhiteTeamCountry "CRO"]
[BlackTeamCountry "SVK"]

1. e4 e6 2. d4 d5 3. Nc3 Nf6 4. Bg5 Be7 5. e5 Nfd7 6. h4 Bxg5 7. hxg5 Qxg5 8.
Qd3 Nf8 9. Nb5 Na6 10. Qc3 Qe7 11. a3 Ng6 12. Qg3 Nb8 13. Bd3 a6 14. Nc3 O-O
15. Nf3 Nc6 16. O-O-O f5 17. Rxh7 Kxh7 18. Rh1+ Kg8 19. Qxg6 Qe8 20. Qh7+ Kf7
21. Bxf5 exf5 22. Ng5+ Ke7 23. Nxd5+ Kd8 24. Qxg7 Bd7 25. e6 Rg8 26. Nf7+ Kc8
27. exd7+ Kxd7 28. Nf6+ 1-0

[Event "Mitropa Cup (Women) 10th"]
[Site "Meissen"]
[Date "2013.06.07"]
[Round "7.2"]
[White "Brunello, Marina"]
[Black "Mareckova, Martina"]
[Result "1/2-1/2"]
[WhiteElo "2233"]
[BlackElo "2065"]
[PlyCount "39"]
[EventDate "2013.06.01"]
[EventType "team-tourn"]
[EventRounds "9"]
[EventCountry "GER"]
[Source "ChessBase"]
[SourceDate "2013.06.25"]
[WhiteTeam "Italy (W)"]
[BlackTeam "Czechia (W)"]
[WhiteTeamCountry "ITA"]
[BlackTeamCountry "CZE"]

1. e4 e5 2. Nf3 Nc6 3. d4 exd4 4. Nxd4 Bc5 5. Nb3 Bb6 6. Nc3 Nf6 7. Qe2 d6 8.
Be3 Qe7 9. f3 Be6 10. O-O-O O-O-O 11. Bxb6 axb6 12. Qe3 Bxb3 13. axb3 d5 14.
Qg5 dxe4 15. Rxd8+ Rxd8 16. fxe4 Qc5 17. Qg3 Qd6 18. Qg5 Qc5 19. Qg3 Qd6 20.
Qg5 1/2-1/2

[Event "Mitropa Cup (Women) 10th"]
[Site "Meissen"]
[Date "2013.06.07"]
[Round "7.2"]
[White "Novosadova, Kristyna"]
[Black "Zimina, Olga"]
[Result "0-1"]
[WhiteElo "2179"]
[BlackElo "2335"]
[PlyCount "80"]
[EventDate "2013.06.01"]
[EventType "team-tourn"]
[EventRounds "9"]
[EventCountry "GER"]
[Source "ChessBase"]
[SourceDate "2013.06.25"]
[WhiteTeam "Czechia (W)"]
[BlackTeam "Italy (W)"]
[WhiteTeamCountry "CZE"]
[BlackTeamCountry "ITA"]

1. e4 e5 2. Nf3 Nc6 3. d4 exd4 4. c3 d3 5. Bxd3 d6 6. Be3 Nf6 7. h3 Be7 8. Nbd2
Ne5 9. Bc2 O-O 10. Qe2 c6 11. Nd4 c5 12. Nf5 Bxf5 13. exf5 d5 14. O-O-O Qb6 15.
Bf4 Nc6 16. g4 d4 17. c4 Rfe8 18. Qf3 Nd7 19. Rhe1 Bf6 20. g5 Be5 21. Bxe5
Ndxe5 22. Qg3 Qa6 23. Ne4 Qxc4 24. Nf6+ gxf6 25. gxf6+ Ng6 26. fxg6 hxg6 27.
Kb1 Nb4 28. Bxg6 Qxa2+ 29. Kc1 Kf8 30. Bc2 Re6 31. Qg7+ Ke8 32. Qg8+ Kd7 33.
Qxf7+ Kd6 34. Rxe6+ Qxe6 35. Qxb7 Qc4 36. Qe7+ Kc6 37. Qe4+ Kd6 38. Re1 Re8 39.
Qf4+ Kc6 40. Qf3+ Kb6 0-1

[Event "Mitropa Cup (Women) 10th"]
[Site "Meissen"]
[Date "2013.06.07"]
[Round "7.3"]
[White "Kiolbasa, Oliwia"]
[Black "Osmanodja, Filiz"]
[Result "0-1"]
[WhiteElo "1913"]
[BlackElo "2255"]
[PlyCount "96"]
[EventDate "2013.06.01"]
[EventType "team-tourn"]
[EventRounds "9"]
[EventCountry "GER"]
[Source "ChessBase"]
[SourceDate "2013.06.25"]
[WhiteTeam "Poland (W)"]
[BlackTeam "Germany (W)"]
[WhiteTeamCountry "POL"]
[BlackTeamCountry "GER"]

1. e4 c5 2. Nf3 Nc6 3. d4 cxd4 4. Nxd4 Nf6 5. Nc3 d6 6. Be2 e5 7. Nxc6 bxc6 8.
Qd3 Be7 9. Qg3 O-O 10. O-O Nd7 11. f4 Bf6 12. Kh1 Nc5 13. fxe5 Bxe5 14. Bf4 Re8
15. Rad1 Qc7 16. Qf2 f6 17. Bxe5 Rxe5 18. Qd4 Nb7 19. Qc4+ Be6 20. Nd5 Qf7 21.
Qxc6 Rc8 22. Qb5 Rxc2 23. Bc4 Rxe4 24. b3 Kh8 25. Rde1 Qg6 26. Be2 Rc5 27. Qxb7
Bxd5 28. Qxa7 Re7 29. Qb8+ Re8 30. Qxe8+ Qxe8 31. Bf3 Qd7 32. b4 Rb5 33. a4
Bxf3 34. axb5 Bd5 35. Rf2 Qxb5 36. Rd2 h6 37. Red1 Bb3 38. Rb1 d5 39. h3 Bc4
40. Rdd1 Kh7 41. Rb2 f5 42. Rbb1 f4 43. Rd2 Bd3 44. Rbb2 Be4 45. Kh2 f3 46. g3
Bd3 47. Rf2 Be2 48. Rd2 Qxb4 0-1

[Event "Mitropa Cup (Women) 10th"]
[Site "Meissen"]
[Date "2013.06.07"]
[Round "7.5"]
[White "Heinatz, Gundula"]
[Black "Juhasz, Barbara"]
[Result "0-1"]
[WhiteElo "2197"]
[BlackElo "2153"]
[PlyCount "182"]
[EventDate "2013.06.01"]
[EventType "team-tourn"]
[EventRounds "9"]
[EventCountry "GER"]
[Source "ChessBase"]
[SourceDate "2013.06.25"]
[WhiteTeam "Switzerland (W)"]
[BlackTeam "Hungary (W)"]
[WhiteTeamCountry "SUI"]
[BlackTeamCountry "HUN"]

1. d4 Nf6 2. Nf3 g6 3. Bg5 Bg7 4. Nbd2 d5 5. e3 O-O 6. Bd3 c5 7. c3 Qb6 8. Qb1
Nc6 9. O-O Re8 10. Bf4 Nh5 11. Be5 Be6 12. Bxg7 Nxg7 13. a4 a6 14. a5 Nxa5 15.
dxc5 Qc7 16. b4 Nc6 17. h3 Bd7 18. c4 a5 19. bxa5 Rxa5 20. Rxa5 Qxa5 21. cxd5
Nb4 22. Nb3 Qa3 23. Bc4 Ba4 24. Ne5 Kf8 25. Qa1 Qxa1 26. Rxa1 Bxb3 27. Bxb3 Rd8
28. e4 f6 29. Ra4 Nxd5 30. Nxg6+ hxg6 31. exd5 Rc8 32. Ra5 Nf5 33. Ba4 Nd4 34.
d6 exd6 35. cxd6 Rd8 36. Ra7 b5 37. Bd1 Rxd6 38. Rb7 Ke8 39. g4 g5 40. Kg2 Rd7
41. Rb6 Ke7 42. h4 gxh4 43. Kh3 Rc7 44. Kxh4 Rc1 45. Bb3 Nxb3 46. Rxb5 Nd4 47.
Rb4 Ne6 48. Kg3 Rc3+ 49. Kg2 Rd3 50. Ra4 Kf7 51. f4 Ke7 52. Kf2 Kd6 53. Ra6+
Kd5 54. g5 f5 55. Ra5+ Nc5 56. Ke2 Rb3 57. Kf2 Kd4 58. Kg2 Rc3 59. g6 Rb3 60.
g7 Rb8 61. Kf3 Rg8 62. Ra7 Kd5 63. Ke3 Ke6 64. Kd4 Nd7 65. Ra6+ Kf7 66. Ra5 Kg6
67. Rd5 Rxg7 68. Rd6+ Nf6 69. Ke3 Rd7 70. Ra6 Kf7 71. Rc6 Ne4 72. Ra6 Rd3+ 73.
Ke2 Rb3 74. Rc6 Ke7 75. Ra6 Nd6 76. Ra5 Rb5 77. Ra7+ Ke6 78. Ra6 Kd5 79. Ra4
Rb3 80. Kf2 Nb5 81. Kg2 Nd4 82. Ra8 Ke4 83. Ra4 Rd3 84. Ra8 Kxf4 85. Ra2 Rc3
86. Ra4 Ke4 87. Kf2 Rc2+ 88. Kf1 f4 89. Rb4 Ke3 90. Ra4 Rc1+ 91. Kg2 f3+ 0-1

[Event "Mitropa Cup (Women) 10th"]
[Site "Meissen"]
[Date "2013.06.07"]
[Round "7.5"]
[White "Varga, Klara"]
[Black "Seps, Monika"]
[Result "1/2-1/2"]
[WhiteElo "2204"]
[BlackElo "2244"]
[PlyCount "90"]
[EventDate "2013.06.01"]
[EventType "team-tourn"]
[EventRounds "9"]
[EventCountry "GER"]
[Source "ChessBase"]
[SourceDate "2013.06.25"]
[WhiteTeam "Hungary (W)"]
[BlackTeam "Switzerland (W)"]
[WhiteTeamCountry "HUN"]
[BlackTeamCountry "SUI"]

1. c4 e5 2. g3 Nc6 3. Bg2 g6 4. Nc3 Bg7 5. e3 d6 6. Nge2 h5 7. h3 h4 8. g4 f5
9. gxf5 Bxf5 10. e4 Be6 11. d3 Qd7 12. Be3 Nf6 13. Qd2 O-O-O 14. O-O-O Nh5 15.
Rdg1 Rdf8 16. Nd5 Nd4 17. Rf1 Kb8 18. Kb1 Nxe2 19. Qxe2 c6 20. Nc3 Nf4 21. Bxf4
Rxf4 22. Qe1 Rhf8 23. Qe3 R4f7 24. Qg5 Bf6 25. Qd2 Bd8 26. f3 Bb6 27. Ne2 d5
28. Qc3 d4 29. Qc1 Bc7 30. Qg5 Qe7 31. Qxe7 Rxe7 32. f4 Ref7 33. Kc2 c5 34.
fxe5 Rf2 35. Kd1 R8f7 36. Rxf2 Rxf2 37. Rf1 Rxf1+ 38. Bxf1 Bxe5 39. Ng1 g5 40.
Ke2 g4 41. Kf2 Bh2 42. hxg4 Bxg1+ 43. Kxg1 Bxg4 44. Kf2 Kc7 45. Be2 Be6 1/2-1/2

[Event "Mitropa Cup (Women) 10th"]
[Site "Meissen"]
[Date "2013.06.08"]
[Round "8.3"]
[White "Novkovic, Julia"]
[Black "Klek, Hanna Marie"]
[Result "0-1"]
[WhiteElo "2132"]
[BlackElo "2287"]
[PlyCount "154"]
[EventDate "2013.06.01"]
[EventType "team-tourn"]
[EventRounds "9"]
[EventCountry "GER"]
[Source "ChessBase"]
[SourceDate "2013.06.25"]
[WhiteTeam "Austria (W)"]
[BlackTeam "Germany (W)"]
[WhiteTeamCountry "AUT"]
[BlackTeamCountry "GER"]

1. e4 e5 2. Nf3 Nc6 3. Bb5 a6 4. Bxc6 dxc6 5. Nc3 Qd6 6. d4 exd4 7. Qxd4 Qxd4
8. Nxd4 Bd7 9. Bd2 O-O-O 10. O-O-O g6 11. Nce2 Re8 12. Ng3 h5 13. f3 c5 14. Nb3
b6 15. Bc3 Rh7 16. Rhe1 h4 17. Nf1 a5 18. Kb1 a4 19. Nc1 Bb5 20. Nd3 Be7 21.
Ne3 Nf6 22. Nf4 Nd7 23. Nfd5 Bd8 24. Ng4 Re6 25. Nf4 Re8 26. Nd5 Re6 27. a3 g5
28. Nde3 f6 29. Rd2 Rf7 30. Red1 Bc6 31. Nf5 Rh7 32. Nge3 Be7 33. Nd5 Bd8 34.
Nde3 Be7 35. Ng4 Bd8 36. Kc1 Be7 37. Nxe7+ Rhxe7 38. Rxd7 Bxd7 39. Bxf6 Rf7 40.
Bxg5 h3 41. f4 Rxe4 42. gxh3 Re2 43. Ne5 Rh7 44. h4 Rxh2 45. Rd2 Rh1+ 46. Rd1
Rh3 47. Rd2 c6 48. Rd6 Kc7 49. Rf6 b5 50. Kd2 b4 51. Nd3 bxa3 52. bxa3 c4 53.
Ne5 Rxa3 54. Nxc4 Rh3 55. Kc1 Rc3 56. Ne5 a3 57. Rf8 Kb7 58. Nxd7 a2 59. Kb2
Rxc2+ 60. Ka1 Rxd7 61. Rd8 Kc7 62. Rxd7+ Kxd7 63. Bf6 c5 64. h5 Ke6 65. Be5 Kd5
66. h6 Rh2 67. h7 Rxh7 68. Kxa2 Rb7 69. Bb2 c4 70. f5 Ke4 71. f6 Kd3 72. Ba3
Kc2 73. Be7 Ra7+ 74. Ba3 c3 75. f7 Rxf7 76. Bb2 Ra7+ 77. Ba3 Ra8 0-1

[Event "Mitropa Cup (Women) 10th"]
[Site "Meissen"]
[Date "2013.06.08"]
[Round "8.3"]
[White "Osmanodja, Filiz"]
[Black "Hapala, Lisa"]
[Result "1-0"]
[WhiteElo "2255"]
[BlackElo "2038"]
[PlyCount "107"]
[EventDate "2013.06.01"]
[EventType "team-tourn"]
[EventRounds "9"]
[EventCountry "GER"]
[Source "ChessBase"]
[SourceDate "2013.06.25"]
[WhiteTeam "Germany (W)"]
[BlackTeam "Austria (W)"]
[WhiteTeamCountry "GER"]
[BlackTeamCountry "AUT"]

1. e4 e5 2. Nf3 Nc6 3. Bb5 a6 4. Ba4 Nf6 5. O-O Be7 6. Re1 b5 7. Bb3 d6 8. c3
O-O 9. h3 Nb8 10. d4 Nbd7 11. Nbd2 Bb7 12. Bc2 Re8 13. Nf1 Bf8 14. Ng3 g6 15.
a4 c5 16. d5 c4 17. Bg5 Be7 18. Be3 Qc7 19. Rf1 Nc5 20. Nd2 Bf8 21. Kh1 Bg7 22.
f4 exf4 23. Bxf4 Nfd7 24. Nf3 Ne5 25. Nxe5 Bxe5 26. Qg4 Bg7 27. Qf3 Rf8 28.
axb5 axb5 29. Ne2 Rxa1 30. Rxa1 Bc8 31. Nd4 Bd7 32. Qg3 Be5 33. Nf3 Bxf4 34.
Qxf4 Re8 35. Ng5 Bc8 36. Rf1 Rf8 37. Qh4 f6 38. Nf3 Qe7 39. Nd4 Bd7 40. Ra1 Qd8
41. Qg3 Qb8 42. Rd1 Re8 43. Qf4 Kg7 44. Rf1 Rf8 45. g4 Rf7 46. Rd1 Qe8 47. Qxd6
Nxe4 48. Qf4 Nc5 49. Qf2 Qa8 50. Nf3 Re7 51. Qxc5 Re2 52. Re1 Rxc2 53. Qe7+ Kg8
54. Qxd7 1-0

[Event "Mitropa Cup (Women) 10th"]
[Site "Meissen"]
[Date "2013.06.08"]
[Round "8.1"]
[White "Deur, Zrinka"]
[Black "Juhasz, Barbara"]
[Result "1/2-1/2"]
[WhiteElo "2104"]
[BlackElo "2153"]
[PlyCount "82"]
[EventDate "2013.06.01"]
[EventType "team-tourn"]
[EventRounds "9"]
[EventCountry "GER"]
[Source "ChessBase"]
[SourceDate "2013.06.25"]
[WhiteTeam "Croatia (W)"]
[BlackTeam "Hungary (W)"]
[WhiteTeamCountry "CRO"]
[BlackTeamCountry "HUN"]

1. e4 Nf6 2. e5 Nd5 3. d4 d6 4. Nf3 Bg4 5. Be2 Nc6 6. O-O dxe5 7. Nxe5 Nxe5 8.
dxe5 Be6 9. c4 Nb6 10. b3 g6 11. Bb2 Qxd1 12. Rxd1 Bg7 13. Nd2 Nd7 14. f4 g5
15. g3 gxf4 16. gxf4 Bh6 17. Rf1 Rg8+ 18. Kh1 Bf5 19. Bh5 e6 20. Ba3 Nf8 21.
Rae1 Ng6 22. Ne4 Bxe4+ 23. Rxe4 O-O-O 24. Bc1 Rd7 25. Ree1 Nh4 26. Rd1 Rxd1 27.
Rxd1 Ng6 28. Rd4 Rd8 29. Rxd8+ Kxd8 30. Bxg6 hxg6 31. Kg2 Kd7 32. Kf3 Bf8 33.
Be3 Be7 34. Ke4 Kc6 35. Bf2 a6 36. Be3 a5 37. Bc1 Bc5 38. Bd2 b6 39. h3 Ba3 40.
Be1 Bb2 41. Bh4 Ba3 1/2-1/2

[Event "Mitropa Cup (Women) 10th"]
[Site "Meissen"]
[Date "2013.06.08"]
[Round "8.1"]
[White "Varga, Klara"]
[Black "Purgar, Ivona"]
[Result "1/2-1/2"]
[WhiteElo "2204"]
[BlackElo "2123"]
[PlyCount "62"]
[EventDate "2013.06.01"]
[EventType "team-tourn"]
[EventRounds "9"]
[EventCountry "GER"]
[Source "ChessBase"]
[SourceDate "2013.06.25"]
[WhiteTeam "Hungary (W)"]
[BlackTeam "Croatia (W)"]
[WhiteTeamCountry "HUN"]
[BlackTeamCountry "CRO"]

1. Nf3 Nf6 2. c4 e6 3. g3 d5 4. Bg2 Be7 5. O-O O-O 6. b3 c5 7. e3 Nc6 8. Bb2 b6
9. Nc3 Bb7 10. cxd5 exd5 11. d4 Re8 12. dxc5 bxc5 13. Re1 Qd7 14. Qd2 Rad8 15.
Red1 d4 16. exd4 cxd4 17. Na4 d3 18. Rac1 Ne4 19. Qf4 Bd6 20. Qh4 Bf8 21. Rc4
Qf5 22. Qh3 Qb5 23. Rxe4 Rxe4 24. Ng5 Re1+ 25. Rxe1 Qxg5 26. Rd1 d2 27. Bc3 Bc8
28. Qh4 Qxh4 29. gxh4 Nb4 30. Rxd2 Rxd2 31. Bxd2 Nxa2 1/2-1/2

[Event "Mitropa Cup (Women) 10th"]
[Site "Meissen"]
[Date "2013.06.08"]
[Round "8.4"]
[White "Mareckova, Martina"]
[Black "Kiolbasa, Oliwia"]
[Result "1/2-1/2"]
[WhiteElo "2065"]
[BlackElo "1913"]
[PlyCount "59"]
[EventDate "2013.06.01"]
[EventType "team-tourn"]
[EventRounds "9"]
[EventCountry "GER"]
[Source "ChessBase"]
[SourceDate "2013.06.25"]
[WhiteTeam "Czechia (W)"]
[BlackTeam "Poland (W)"]
[WhiteTeamCountry "CZE"]
[BlackTeamCountry "POL"]

1. e4 e5 2. Nf3 Nc6 3. Bc4 Nf6 4. d3 Be7 5. O-O O-O 6. Re1 d6 7. c3 h6 8. Nbd2
Nh7 9. Nf1 Kh8 10. Ne3 Ng5 11. b4 Nxf3+ 12. Qxf3 Bg5 13. Bb2 Ne7 14. d4 Ng6 15.
Rad1 Be6 16. Bb3 Bxb3 17. axb3 Bxe3 18. Qxe3 Qe7 19. c4 Rfe8 20. c5 dxc5 21.
bxc5 exd4 22. Qxd4 f6 23. f3 Rad8 24. Qc3 Nf4 25. Qe3 Nd5 26. Qd4 Nf4 27. Qe3
Nd5 28. Qd4 Nf4 29. Qe3 Nd5 30. Qd4 1/2-1/2

[Event "Mitropa Cup (Women) 10th"]
[Site "Meissen"]
[Date "2013.06.08"]
[Round "8.4"]
[White "Wozniak, Mariola"]
[Black "Novosadova, Kristyna"]
[Result "0-1"]
[WhiteElo "1983"]
[BlackElo "2179"]
[PlyCount "74"]
[EventDate "2013.06.01"]
[EventType "team-tourn"]
[EventRounds "9"]
[EventCountry "GER"]
[Source "ChessBase"]
[SourceDate "2013.06.25"]
[WhiteTeam "Poland (W)"]
[BlackTeam "Czechia (W)"]
[WhiteTeamCountry "POL"]
[BlackTeamCountry "CZE"]

1. e4 e5 2. Nf3 Nc6 3. Nc3 Nf6 4. d4 Bb4 5. Nxe5 O-O 6. Bd3 Nxd4 7. Be3 Ne6 8.
O-O d6 9. Nc4 Bxc3 10. bxc3 Nc5 11. f3 Qe7 12. Re1 Be6 13. Nd2 Rad8 14. Bg5 h6
15. Bh4 g5 16. Bf2 Nh5 17. g3 Qd7 18. Nf1 Ng7 19. g4 f6 20. c4 Qf7 21. Ne3 Nd7
22. Rb1 b6 23. Qe2 Ne5 24. Red1 Bc8 25. Bg3 Ne6 26. Nf5 Kh7 27. Qf1 Nc5 28. Kf2
Be6 29. Ne3 h5 30. gxh5 Qxh5 31. Qe2 f5 32. exf5 Ncxd3+ 33. cxd3 Bxf5 34. d4
Bxb1 35. Rxb1 Nxf3 36. Nf5 Rxf5 37. Qe7+ Rf7 0-1

[Event "Mitropa Cup (Women) 10th"]
[Site "Meissen"]
[Date "2013.06.08"]
[Round "8.5"]
[White "Sedina, Elena"]
[Black "Repkova, Eva"]
[Result "1/2-1/2"]
[WhiteElo "2323"]
[BlackElo "2363"]
[PlyCount "75"]
[EventDate "2013.06.01"]
[EventType "team-tourn"]
[EventRounds "9"]
[EventCountry "GER"]
[Source "ChessBase"]
[SourceDate "2013.06.25"]
[WhiteTeam "Italy (W)"]
[BlackTeam "Slovakia (W)"]
[WhiteTeamCountry "ITA"]
[BlackTeamCountry "SVK"]

1. e4 e6 2. d4 d5 3. Nc3 Nf6 4. e5 Nfd7 5. f4 c5 6. Nf3 Nc6 7. Be3 a6 8. Qd2 b5
9. dxc5 Bxc5 10. Ne2 Qb6 11. Bxc5 Nxc5 12. Ned4 Ne4 13. Qe3 g5 14. fxg5 Nxd4
15. Qxd4 Qxd4 16. Nxd4 Nxg5 17. a4 b4 18. a5 O-O 19. Ra4 f6 20. exf6 Rxf6 21.
Rxb4 e5 22. Nf3 Nf7 23. Be2 Rc6 24. c3 Rc5 25. O-O Rxa5 26. Nh4 Nh6 27. h3 Kg7
28. Rb6 Ra4 29. Nf3 Nf7 30. Rd1 Ra5 31. b4 Ra2 32. Bf1 e4 33. Nd4 a5 34. bxa5
R8xa5 35. Rc6 Bd7 36. Rc7 Ra7 37. Rxa7 Rxa7 38. c4 1/2-1/2

[Event "Mitropa Cup (Women) 10th"]
[Site "Meissen"]
[Date "2013.06.08"]
[Round "8.2"]
[White "Seps, Monika"]
[Black "Krivec, Jana"]
[Result "1/2-1/2"]
[WhiteElo "2244"]
[BlackElo "2244"]
[PlyCount "75"]
[EventDate "2013.06.01"]
[EventType "team-tourn"]
[EventRounds "9"]
[EventCountry "GER"]
[Source "ChessBase"]
[SourceDate "2013.06.25"]
[WhiteTeam "Switzerland (W)"]
[BlackTeam "Slovenia (W)"]
[WhiteTeamCountry "SUI"]
[BlackTeamCountry "SLO"]

1. d4 Nf6 2. Nf3 d5 3. Bg5 Ne4 4. Bf4 c5 5. e3 Nc6 6. Be2 Qb6 7. Nc3 Nxc3 8.
bxc3 e6 9. O-O Be7 10. c4 O-O 11. Rb1 Qd8 12. cxd5 exd5 13. c4 dxc4 14. d5 Na5
15. e4 Re8 16. h3 Bf8 17. Qc2 Qf6 18. Bd2 b6 19. Bc3 Qf4 20. Rbe1 Qxe4 21. Bd3
Qxd3 22. Qxd3 cxd3 23. Rxe8 Bb7 24. Rxa8 Bxa8 25. Bxa5 bxa5 26. Ne5 Bxd5 27.
Nxd3 Bxa2 28. Ra1 Bc4 29. Ne5 Bb5 30. Rxa5 a6 31. Ra2 f6 32. Nf3 c4 33. Rc2 Bb4
34. Nd4 c3 35. Nxb5 axb5 36. Kf1 Ba5 37. Ke2 b4 38. Kd3 1/2-1/2

[Event "Mitropa Cup (Women) 10th"]
[Site "Meissen"]
[Date "2013.06.08"]
[Round "8.2"]
[White "Srebrnic, Ana"]
[Black "Heinatz, Gundula"]
[Result "1/2-1/2"]
[WhiteElo "2203"]
[BlackElo "2197"]
[PlyCount "58"]
[EventDate "2013.06.01"]
[EventType "team-tourn"]
[EventRounds "9"]
[EventCountry "GER"]
[Source "ChessBase"]
[SourceDate "2013.06.25"]
[WhiteTeam "Slovenia (W)"]
[BlackTeam "Switzerland (W)"]
[WhiteTeamCountry "SLO"]
[BlackTeamCountry "SUI"]

1. d4 d5 2. Nf3 Nf6 3. c4 dxc4 4. Qa4+ c6 5. Qxc4 Bf5 6. g3 e6 7. Bg2 Be7 8.
O-O O-O 9. Ne5 Nbd7 10. Nxd7 Qxd7 11. Nc3 Rac8 12. e4 Bg6 13. Rd1 Rfd8 14. Bf4
h6 15. Rac1 Bf8 16. Qe2 b6 17. h3 Qe7 18. Be3 b5 19. e5 Nd5 20. Nxd5 cxd5 21.
Qxb5 Rb8 22. Qe2 Qb7 23. b3 Ba3 24. Ra1 Rdc8 25. Bf1 Rc6 26. Bc1 Bb4 27. Bd2
Ba3 28. Bc1 Bb4 29. Bd2 Ba3 1/2-1/2

[Event "Mitropa Cup (Women) 10th"]
[Site "Meissen"]
[Date "2013.06.09"]
[Round "9.3"]
[White "Hapala, Lisa"]
[Black "Mareckova, Martina"]
[Result "1/2-1/2"]
[WhiteElo "2038"]
[BlackElo "2065"]
[PlyCount "121"]
[EventDate "2013.06.01"]
[EventType "team-tourn"]
[EventRounds "9"]
[EventCountry "GER"]
[Source "ChessBase"]
[SourceDate "2013.06.25"]
[WhiteTeam "Austria (W)"]
[BlackTeam "Czechia (W)"]
[WhiteTeamCountry "AUT"]
[BlackTeamCountry "CZE"]

1. e4 e5 2. Nf3 Nc6 3. Bb5 a6 4. Ba4 d6 5. c3 f5 6. exf5 Bxf5 7. O-O Bd3 8. Re1
Be7 9. Qb3 b5 10. Qd5 bxa4 11. Qxc6+ Kf8 12. Nd4 exd4 13. Qf3+ Bf6 14. Qxd3 Ne7
15. cxd4 d5 16. Nc3 Qd7 17. Qf3 Qf5 18. Qxf5 Nxf5 19. Nxd5 Nxd4 20. Re4 Re8 21.
Nxf6 gxf6 22. d3 Kf7 23. Be3 Rxe4 24. dxe4 c5 25. Rd1 Rb8 26. Rd2 a3 27. Bxd4
cxd4 28. b3 Rb4 29. Rc2 d3 30. Rd2 Rxe4 31. f3 Re1+ 32. Kf2 Rh1 33. h3 Ke6 34.
Ke3 Ra1 35. Kxd3 Kf5 36. Ke3 Re1+ 37. Kf2 Ra1 38. Re2 Rb1 39. g3 Rb2 40. Ke3 h5
41. Kd3 Rb1 42. Rg2 Rf1 43. Ke3 Re1+ 44. Re2 Rb1 45. h4 Rg1 46. Kf2 Rh1 47. Kg2
Rb1 48. Kh3 Rh1+ 49. Rh2 Rg1 50. Rc2 Rh1+ 51. Kg2 Rb1 52. Rf2 Ra1 53. Kh2 Rb1
54. Rg2 Rb2 55. Kh3 Rb1 56. g4+ Kf4 57. gxh5 Rh1+ 58. Rh2 Rg1 59. Rg2 Rh1+ 60.
Rh2 Rg1 61. Rg2 1/2-1/2

[Event "Mitropa Cup (Women) 10th"]
[Site "Meissen"]
[Date "2013.06.09"]
[Round "9.1"]
[White "Brunello, Marina"]
[Black "Deur, Zrinka"]
[Result "1/2-1/2"]
[WhiteElo "2233"]
[BlackElo "2104"]
[PlyCount "155"]
[EventDate "2013.06.01"]
[EventType "team-tourn"]
[EventRounds "9"]
[EventCountry "GER"]
[Source "ChessBase"]
[SourceDate "2013.06.25"]
[WhiteTeam "Italy (W)"]
[BlackTeam "Croatia (W)"]
[WhiteTeamCountry "ITA"]
[BlackTeamCountry "CRO"]

1. e4 c5 2. Nf3 Nc6 3. d4 cxd4 4. Nxd4 g6 5. c4 d6 6. Nc3 Nf6 7. Be2 Nxd4 8.
Qxd4 Bg7 9. Be3 O-O 10. Qd1 Be6 11. f3 Nd7 12. Rc1 Qa5 13. O-O Rfc8 14. Qb3 Nc5
15. Qc2 Qb4 16. b3 a5 17. Nb5 a4 18. Rb1 axb3 19. axb3 Qa5 20. b4 Qa2 21. Rfc1
Qxc2 22. Rxc2 Na6 23. Na7 Rf8 24. Bb6 Nb8 25. f4 f5 26. Bf3 fxe4 27. Bxe4 Bf5
28. Re2 Nd7 29. Bf2 Bxe4 30. Rxe4 Rf7 31. Nb5 Ra2 32. Rbe1 Ra1 33. g3 Rxe1+ 34.
Rxe1 Bf8 35. Ra1 e5 36. Ra8 Kg7 37. Nc7 exf4 38. gxf4 Re7 39. Ne8+ Kh6 40. Nxd6
Re2 41. Nxb7 Bxb4 42. Rd8 Nf6 43. c5 Rc2 44. Bd4 Ne4 45. Rd5 Nc3 46. Bxc3 Bxc3
47. Nd8 Bd2 48. Ne6 Be3+ 49. Kh1 Bc1 50. Re5 Bb2 51. Rd5 Bc1 52. h3 Be3 53. Re5
Bc1 54. Kg1 Bb2 55. Rd5 Re2 56. Rd6 Ba3 57. Kf1 Rc2 58. Rd5 Bb4 59. Rd7 Bxc5
60. Rc7 Rc1+ 61. Ke2 Ba3 62. Ra7 Bb4 63. Kf3 Re1 64. Ra6 Be7 65. Kg4 Rg1+ 66.
Kf3 Re1 67. Rc6 Ba3 68. Kf2 Re4 69. f5 Bb2 70. Kf3 Re5 71. fxg6 hxg6 72. Nf4
Rg5 73. h4 Rf5 74. Rxg6+ Kh7 75. Rc6 Be5 76. Rc4 Rxf4+ 77. Rxf4 Bxf4 78. Kxf4
1/2-1/2

[Event "Mitropa Cup (Women) 10th"]
[Site "Meissen"]
[Date "2013.06.09"]
[Round "9.1"]
[White "Purgar, Ivona"]
[Black "Zimina, Olga"]
[Result "0-1"]
[WhiteElo "2123"]
[BlackElo "2335"]
[PlyCount "138"]
[EventDate "2013.06.01"]
[EventType "team-tourn"]
[EventRounds "9"]
[EventCountry "GER"]
[Source "ChessBase"]
[SourceDate "2013.06.25"]
[WhiteTeam "Croatia (W)"]
[BlackTeam "Italy (W)"]
[WhiteTeamCountry "CRO"]
[BlackTeamCountry "ITA"]

1. e4 e5 2. Nf3 Nc6 3. Bb5 Nf6 4. O-O Nxe4 5. d4 Nd6 6. Bxc6 dxc6 7. dxe5 Nf5
8. Qxd8+ Kxd8 9. Nc3 Be6 10. Rd1+ Kc8 11. Ng5 Bc4 12. b3 Bb4 13. Bb2 Bxc3 14.
Bxc3 Bd5 15. Bb2 h6 16. Nh3 g5 17. c4 Be6 18. Rd3 Ne7 19. Rad1 b6 20. f3 a5 21.
Nf2 a4 22. Ne4 Ng6 23. g3 Kb7 24. R1d2 axb3 25. axb3 Bf5 26. e6 Rhe8 27. exf7
Re7 28. Re3 Rxf7 29. Nf6 Raf8 30. Nh5 Bh3 31. Rf2 Rd8 32. Re1 Rd3 33. Bg7 Rxb3
34. Bf6 Nf8 35. f4 Bg4 36. fxg5 Bxh5 37. gxh6 Nh7 38. Ref1 Bg4 39. Kg2 Be6 40.
Bd4 Rxf2+ 41. Rxf2 Bxc4 42. h4 c5 43. Bg7 Bd5+ 44. Kh2 Rb4 45. Rf5 Kc6 46. Re5
b5 47. Re8 Bb3 48. Be5 Kd7 49. Rh8 Bc2 50. Rg8 Bf5 51. Rg7+ Ke6 52. Bxc7 Nf6
53. Bf4 Ra4 54. Rc7 Ra1 55. Rc6+ Kf7 56. Rc7+ Ke6 57. Rc6+ Kf7 58. Rc7+ Ke8 59.
Rg7 Ra2+ 60. Kg1 b4 61. g4 Be4 62. g5 Ng4 63. Kf1 Rf2+ 64. Ke1 Rxf4 65. h7 Bxh7
66. Rxh7 Ne5 67. h5 Nf3+ 68. Kd1 Nxg5 69. Rc7 Ne6 0-1